| 000 | 00505nam a22001697a 4500 | ||
|---|---|---|---|
| 003 | NUST - PNEC | ||
| 005 | 20170116181151.0 | ||
| 008 | 151124b xxu||||| |||| 00| 0 eng d | ||
| 020 | _a9781850659235 | ||
| 040 | _cLIBRARY | ||
| 082 | _a355.07 BOU | ||
| 100 |
_915417 _aBousquet, Antoine |
||
| 245 |
_a The scientific way of warfare : order and chaos on the battlefields of modernity _cAntoine Bousquet, |
||
| 260 | _cc2009. | ||
| 650 |
_915418 _aMilitary art and science _xGeneral |
||
| 942 |
_2ddc _cBK |
||
| 999 |
_c70947 _d70947 |
||